<?xml version="1.0" encoding="UTF-8"?>
<record
    xmlns:xsi="http://www.w3.org/2001/XMLSchema-instance"
    xsi:schemaLocation="http://www.loc.gov/MARC21/slim http://www.loc.gov/standards/marcxml/schema/MARC21slim.xsd"
    xmlns="http://www.loc.gov/MARC21/slim">

  <leader>00528nam a22001577a 4500</leader>
  <controlfield tag="008">090726t        xxu||||| |||| 00| 0 eng d</controlfield>
  <datafield tag="020" ind1=" " ind2=" ">
    <subfield code="a">9770915688</subfield>
  </datafield>
  <datafield tag="040" ind1=" " ind2=" ">
    <subfield code="a">EG-ScBUE</subfield>
  </datafield>
  <datafield tag="082" ind1="0" ind2="0">
    <subfield code="a">892.717</subfield>
    <subfield code="b">&#x62C; &#x648; &#x64A;</subfield>
    <subfield code="2">22</subfield>
  </datafield>
  <datafield tag="100" ind1=" " ind2=" ">
    <subfield code="9">8100</subfield>
    <subfield code="a">&#x62C;&#x648;&#x64A;&#x62F;&#x629; , &#x641;&#x627;&#x631;&#x648;&#x642;.</subfield>
  </datafield>
  <datafield tag="245" ind1=" " ind2=" ">
    <subfield code="a">&#x634;&#x626; &#x633;&#x64A;&#x628;&#x642;&#x649; &#x628;&#x64A;&#x646;&#x646;&#x627; /</subfield>
    <subfield code="c">&#x641;&#x627;&#x631;&#x648;&#x642; &#x62C;&#x648;&#x64A;&#x62F;&#x629;.</subfield>
  </datafield>
  <datafield tag="260" ind1=" " ind2=" ">
    <subfield code="a">&#x627;&#x644;&#x642;&#x627;&#x647;&#x631;&#x629; :</subfield>
    <subfield code="b">&#x62F;&#x627;&#x644;&#x631; &#x627;&#x644;&#x634;&#x631;&#x648;&#x642;,</subfield>
    <subfield code="c">2006.</subfield>
  </datafield>
  <datafield tag="300" ind1=" " ind2=" ">
    <subfield code="a">82 &#x635;:</subfield>
    <subfield code="c">15 &#x633;&#x645;.</subfield>
  </datafield>
  <datafield tag="650" ind1=" " ind2=" ">
    <subfield code="9">8102</subfield>
    <subfield code="a">&#x627;&#x644;&#x634;&#x639;&#x631; &#x627;&#x644;&#x639;&#x631;&#x628;&#x64A;--&#x642;&#x635;&#x627;&#x626;&#x62F; &#x648; &#x62F;&#x648;&#x627;&#x648;&#x64A;&#x646;.</subfield>
  </datafield>
  <datafield tag="942" ind1=" " ind2=" ">
    <subfield code="2">ddc</subfield>
    <subfield code="c">BB</subfield>
    <subfield code="k">892.717 &#x62C; &#x648; &#x64A;</subfield>
  </datafield>
  <datafield tag="999" ind1=" " ind2=" ">
    <subfield code="c">12396</subfield>
    <subfield code="d">12396</subfield>
  </datafield>
  <datafield tag="952" ind1=" " ind2=" ">
    <subfield code="0">0</subfield>
    <subfield code="1">0</subfield>
    <subfield code="2">ddc</subfield>
    <subfield code="4">0</subfield>
    <subfield code="7">0</subfield>
    <subfield code="8"> </subfield>
    <subfield code="a">MAIN</subfield>
    <subfield code="b">MAIN</subfield>
    <subfield code="c">2ND</subfield>
    <subfield code="d">2009-07-26</subfield>
    <subfield code="e">purchase</subfield>
    <subfield code="l">6</subfield>
    <subfield code="m">22</subfield>
    <subfield code="o">892.717 &#x62C; &#x648; &#x64A;</subfield>
    <subfield code="p">000017486</subfield>
    <subfield code="r">2026-02-08 00:00:00</subfield>
    <subfield code="s">2022-07-20</subfield>
    <subfield code="y">BB</subfield>
  </datafield>
</record>
